5 Fleuves français en 15 secondes - Statistiques

Statistiques générales
  • Ce quiz a été pris 336 fois
  • Le résultat moyen est 4 sur 5
Statistiques - réponses
Réponse % Correct
Seine
94%
Rhône
87%
Loire
83%
Garonne
76%
Rhin
76%
Aucun quiz correspondant
Distribution des résultats
% des personnes avec chaque résultat
Percentile par nombre de réponses
Votre historique - résultats
Vous n’avez pas pris ce quiz